[Event "Platense-ch"]
[Site "La Plata"]
[Date "2018.01.10"]
[Round "6"]
[White "Muniz, Roberto Anibal"]
[Black "Defez, Marcos Enrique"]
[Result "0-1"]
[WhiteElo "1781"]
[BlackElo "1646"]
[PlyCount "126"]
[EventDate "2018.01.03"]
[EventType "swiss"]
[EventRounds "9"]
[EventCountry "ARG"]
[SourceTitle "EXT 2019"]
[Source "ChessBase"]
[SourceDate "2018.10.10"]
[SourceVersion "1"]
[SourceVersionDate "2018.10.10"]
[SourceQuality "1"]

1. e4 c5 2. Nf3 d6 3. d4 cxd4 4. Nxd4 Nf6 5. Nc3 a6 6. f3 e6 7. Be3 Qc7 8. Qd2 Bd7 9. g4 Nc6 10. 0-0-0 Be7 11. g5 Nh5 12. f4 Nxd4 13. Bxd4 d5 14. Be5 Bd6 15. Bxd6 Qxd6 16. e5 Qb4 17. Qd4 Qxd4 18. Rxd4 g6 19. Be2 Ng7 20. Bg4 h5 21. Bh3 b5 22. Rdd1 Bc6 23. Ne2 Ke7 24. Rd3 Rhc8 25. Nd4 Ra7 26. Kb1 Rac7 27. Nb3 Bd7 28. Nd4 Ne8 29. Bg2 Rc5 30. Ra3 Ra8 31. b4 Rc4 32. c3 Rc7 33. Kb2 Rca7 34. Nb3 Nc7 35. Na5 Rc8 36. Nb3 Rb8 37. Nc5 Bc8 38. Ra5 Na8 39. Ra1 Nb6 40. Bf1 Rba8 41. Nb3 Na4+ 42. Rxa4 bxa4 43. Nc5 Rc7 44. a3 Rb8 45. Nxa4 Rc6 46. Kc2 Bb7 47. Nc5 a5 48. h4 Ba8 49. Bg2 Rbc8 50. Kd3 Rxc5 51. bxc5 Rxc5 52. Rb1 Bc6 53. Kd2 Rc4 54. Rb6 Kd7 55. Ra6 Rxf4 56. Ke3 Ra4 57. Ra7+ Ke8 58. Ra6 Bb5 59. Ra8+ Ke7 60. Ra7+ Kf8 61. Ra8+ Kg7 62. Bh3 d4+ 63. Kd2 dxc3+ 0-1

[Event "Platense-ch"]
[Site "La Plata"]
[Date "2018.01.07"]
[Round "4"]
[White "Gamboa, Ricardo"]
[Black "Defez, Marcos Enrique"]
[Result "1/2-1/2"]
[WhiteElo "1816"]
[BlackElo "1646"]
[PlyCount "54"]
[EventDate "2018.01.03"]
[EventType "swiss"]
[EventRounds "9"]
[EventCountry "ARG"]
[SourceTitle "EXT 2019"]
[Source "ChessBase"]
[SourceDate "2018.10.10"]
[SourceVersion "1"]
[SourceVersionDate "2018.10.10"]
[SourceQuality "1"]

1. e4 c5 2. Nf3 d6 3. d4 cxd4 4. Nxd4 Nf6 5. Nc3 a6 6. Bg5 e6 7. f4 Be7 8. Qf3 Qc7 9. 0-0-0 b5 10. Be2 Bb7 11. Rhe1 b4 12. Bxf6 bxc3 13. Bxg7 cxb2+ 14. Kb1 Rg8 15. Nxe6 fxe6 16. Qh5+ Kd7 17. Qf7 Bxe4 18. Bd3 Rxg7 19. Qxg7 Bxd3 20. Rxd3 Nc6 21. Qf7 Nd8 22. Qxh7 Rc8 23. Rde3 Qc4 24. Qe4 Bf6 25. Qh7+ Be7 26. Qe4 Bf6 27. Qh7+ Be7 1/2-1/2

[Event "Berisso Chessniacs sf 5th"]
[Site "Berisso"]
[Date "2016.08.26"]
[Round "1.4"]
[White "Defez, Marcos Enrique"]
[Black "Guzman, Ezequiel"]
[Result "1/2-1/2"]
[WhiteElo "1653"]
[BlackElo "1873"]
[PlyCount "107"]
[EventDate "2016.08.26"]
[EventType "swiss"]
[EventRounds "6"]
[EventCountry "ARG"]
[SourceTitle "EXT 2024"]
[Source "ChessBase"]
[SourceDate "2023.10.10"]
[SourceVersion "1"]
[SourceVersionDate "2023.10.10"]
[SourceQuality "1"]

1. e4 e6 2. d4 d5 3. e5 c5 4. c3 Nc6 5. Nf3 Qb6 6. a3 Nh6 7. Bd3 cxd4 8. cxd4 Nf5 9. Bxf5 exf5 10. Nc3 Be6 11. b4 h6 12. Qd3 a6 13. Bb2 Qd8 14. Na4 g5 15. Rc1 Rc8 16. Nc5 Bxc5 17. dxc5 g4 18. Ng1 0-0 19. Ne2 Qg5 20. g3 d4 21. Bxd4 Nxd4 22. Qxd4 Rfd8 23. Qf4 Qxf4 24. Nxf4 Bd5 25. 0-0 Bf3 26. Rfe1 Be4 27. e6 Re8 28. exf7+ Kxf7 29. Rcd1 Red8 30. h3 Bf3 31. Rxd8 Rxd8 32. hxg4 fxg4 33. Ng2 Rd3 34. Ra1 Rd1+ 35. Rxd1 Bxd1 36. Kf1 Ke6 37. Ke1 Bf3 38. Ne3 Ke5 39. Kd2 Kd4 40. Kc2 Be4+ 41. Kb3 h5 42. a4 Kd3 43. b5 axb5 44. axb5 Ke2 45. Kc4 Kxf2 46. Nd5 Kxg3 47. c6 bxc6 48. bxc6 Bf5 49. Kd4 Kf3 50. Ne7 Be6 51. Ng6 g3 52. Nh4+ Kf2 53. Ke5 Bh3 54. Kf4 1/2-1/2

[Event "La Plata Maderna Memorial"]
[Site "La Plata"]
[Date "2016.06.28"]
[Round "5.10"]
[White "Defez, Marcos Enrique"]
[Black "Martinez, Franco"]
[Result "1-0"]
[WhiteElo "1663"]
[BlackElo "1736"]
[PlyCount "73"]
[EventDate "2016.06.14"]
[EventType "swiss"]
[EventRounds "7"]
[EventCountry "ARG"]
[SourceTitle "EXT 2024"]
[Source "ChessBase"]
[SourceDate "2023.10.10"]
[SourceVersion "1"]
[SourceVersionDate "2023.10.10"]
[SourceQuality "1"]

1. e4 e6 2. f4 d5 3. e5 g5 4. d4 gxf4 5. Bxf4 Bh6 6. Qg4 Bxf4 7. Qxf4 Ne7 8. Nf3 c5 9. Ng5 Nf5 10. g4 h6 11. Nxf7 Qh4+ 12. Qf2 Qxf2+ 13. Kxf2 Nxd4 14. Nxh8 Nxc2 15. Na3 Nxa1 16. Bb5+ Bd7 17. Rxa1 a6 18. Bxd7+ Nxd7 19. Re1 Kf8 20. Ng6+ Kg7 21. Nf4 Rf8 22. Kg3 Re8 23. b3 b5 24. Nc2 Nb6 25. Nd3 c4 26. bxc4 Nxc4 27. Nd4 Nd2 28. Nc5 Ne4+ 29. Nxe4 dxe4 30. Rxe4 Rc8 31. Nxe6+ Kf7 32. Nd4 Rc3+ 33. Kh4 Ke7 34. Nf5+ Ke6 35. Re2 Rc5 36. Nd4+ Ke7 37. Kh5 1-0

[Event "La Plata Maderna Memorial"]
[Site "La Plata"]
[Date "2016.06.23"]
[Round "4.8"]
[White "Bernasconi, Mario Emanuel"]
[Black "Defez, Marcos Enrique"]
[Result "1-0"]
[WhiteElo "1824"]
[BlackElo "1663"]
[PlyCount "123"]
[EventDate "2016.06.14"]
[EventType "swiss"]
[EventRounds "7"]
[EventCountry "ARG"]
[SourceTitle "EXT 2024"]
[Source "ChessBase"]
[SourceDate "2023.10.10"]
[SourceVersion "1"]
[SourceVersionDate "2023.10.10"]
[SourceQuality "1"]

1. e4 c5 2. c3 Nc6 3. d4 cxd4 4. cxd4 d6 5. Nc3 g6 6. Be3 Bg7 7. Qd2 Nf6 8. f3 d5 9. e5 Nd7 10. f4 Nb6 11. Nf3 a6 12. b3 Bf5 13. Be2 Rc8 14. 0-0 0-0 15. h3 f6 16. Rac1 Be6 17. Bd3 Bf7 18. g4 e6 19. Bb1 f5 20. Bf2 Qd7 21. g5 Rc7 22. Nd1 Rfc8 23. Nb2 Bf8 24. Nd3 Ba3 25. Rc3 Qe7 26. Rc2 Nd7 27. Be3 Na7 28. Rxc7 Rxc7 29. Qa5 Nb5 30. Bc1 Bxc1 31. Rxc1 Rxc1+ 32. Nxc1 Nb8 33. Nd3 Nc6 34. Qb6 Qc7 35. Qxc7 Nxc7 36. Nc5 Nb5 37. Nxb7 Nbxd4 38. Nxd4 Nxd4 39. Bd3 Be8 40. Bxa6 Bb5 41. Bxb5 Nxb5 42. Nc5 Kf7 43. Kf2 Na3 44. b4 Ke7 45. Ke2 Nc2 46. Na6 Kd7 47. Kd2 Na3 48. Nc5+ Kc6 49. Nxe6 Kb5 50. Kc3 Nb1+ 51. Kd4 Kxb4 52. Kxd5 Nc3+ 53. Kd6 Ne2 54. Kd5 Ka3 55. Kc4 Kxa2 56. Kd3 Nc1+ 57. Ke3 Nb3 58. Nf8 Nc5 59. e6 Ne4 60. e7 Nd6 61. Nxh7 Kb3 62. Nf6 1-0

[Event "La Plata Maderna Memorial"]
[Site "La Plata"]
[Date "2016.06.14"]
[Round "1.6"]
[White "Defez, Marcos Enrique"]
[Black "Ryhr, Gustavo"]
[Result "0-1"]
[WhiteElo "1663"]
[BlackElo "1848"]
[PlyCount "98"]
[EventDate "2016.06.14"]
[EventType "swiss"]
[EventRounds "7"]
[EventCountry "ARG"]
[SourceTitle "EXT 2024"]
[Source "ChessBase"]
[SourceDate "2023.10.10"]
[SourceVersion "1"]
[SourceVersionDate "2023.10.10"]
[SourceQuality "1"]

1. e4 g6 2. Nf3 Bg7 3. c3 c6 4. Bc4 Nf6 5. d3 0-0 6. 0-0 d5 7. exd5 cxd5 8. Bb3 Nc6 9. d4 Bg4 10. Re1 Re8 11. Bf4 Rc8 12. Nbd2 Na5 13. Ba4 Nc6 14. h3 Bf5 15. Ne5 Nxe5 16. Bxe8 Nd3 17. Bxf7+ Kxf7 18. Qf3 Nxe1 19. Rxe1 Kg8 20. g4 Bc2 21. b3 Rc6 22. Rc1 Be4 23. Qe3 Re6 24. Be5 g5 25. Qxg5 Bd3 26. Qe3 Bg6 27. f4 Rc6 28. f5 Bf7 29. Qg5 Qf8 30. h4 h6 31. Qf4 Ne8 32. Nf3 Nf6 33. Rc2 Ne4 34. Qe3 e6 35. f6 Nxf6 36. g5 Ng4 37. Qf4 Bg6 38. Qxg4 h5 39. Bxg7 Kxg7 40. Qg3 Bxc2 41. Ne5 Qf5 42. Nxc6 bxc6 43. Qc7+ Qf7 44. Qe5+ Kg6 45. Qh8 Be4 46. Qh6+ Kf5 47. Qh8 Kg4 48. Qe5 Qf3 49. Qxe6+ Kxh4 0-1

[Event "La Plata U1800 op"]
[Site "La Plata"]
[Date "2016.??.??"]
[Round "4.6"]
[White "Defez, Marcos Enrique"]
[Black "Sosa, Carlos"]
[Result "1/2-1/2"]
[WhiteElo "1663"]
[BlackElo "1513"]
[PlyCount "76"]
[EventDate "2016.06.06"]
[EventType "swiss"]
[EventRounds "7"]
[EventCountry "ARG"]
[SourceTitle "EXT 2024"]
[Source "ChessBase"]
[SourceDate "2023.10.10"]
[SourceVersion "1"]
[SourceVersionDate "2023.10.10"]
[SourceQuality "1"]

1. e4 e5 2. Nf3 Nf6 3. Nxe5 d6 4. Nc4 Nxe4 5. d4 d5 6. Ne3 c6 7. Bd3 Nf6 8. Nd2 Bd6 9. Nf3 0-0 10. 0-0 Nbd7 11. Re1 Re8 12. b3 Qc7 13. Nf5 Rxe1+ 14. Qxe1 Bf8 15. a4 a5 16. N3h4 Nb6 17. g3 Be6 18. Bg5 Nbd7 19. Bf4 Qb6 20. Nf3 Re8 21. Qd2 Ne4 22. Bxe4 dxe4 23. N3h4 Nf6 24. Re1 Rd8 25. Be5 Ng4 26. Rxe4 Nxe5 27. Rxe5 g6 28. Nh6+ Bxh6 29. Qxh6 Qxd4 30. Re1 Qc3 31. Qc1 Rd2 32. Re3 Qxc2 33. Qxc2 Rxc2 34. Nf3 Rc1+ 35. Kg2 Bd5 36. Kh3 Kf8 37. Rd3 Bxf3 38. Rxf3 Rc2 1/2-1/2